Unscramble The Taylor Swift song *4* - Statistics

General Stats
  • This quiz has been taken 91 times
  • The average score is 14 of 15
Answer Stats
Hint Answer % Correct
oLgn ieLv Long Live
100%
uOr ognS Our Song
100%
eRd Red
100%
I dDi othginmeS dBa I Did Something Bad
99%
terPe Peter
99%
nevSe Seven
99%
ihsT ovLe This Love
99%
I noKw laecPs I Know Places
98%
irasP Paris
98%
vermoerE Evermore (feat. Bon Iver)
95%
erlaFses Fearless
95%
lraCa oBw Clara Bow
93%
hcatnEden Enchanted
93%
dgamneE Endgame
89%
yathgDil Daylight
75%
No matching quizzes found
Score Distribution
Percent of People with Each Score
Percentile by Number Answered
Your Score History
You have not taken this quiz